Get the Picture: Constructed or Natural? Quiz Stats

 Plays Quiz Updated Aug 8, 2019

Score 0/14 Timer 01:00
1 Play Today
Question Answer Wrong Answers
Klingon Constructed
94.9%
Natural
3%
Persian Natural
94.3%
Constructed
3.4%
Greek Natural
94.2%
Constructed
3.6%
Elvish Constructed
93.3%
Natural
4.7%
Romanian Natural
92.4%
Constructed
5.4%
Lao Natural
91.4%
Constructed
6.6%
Globish Constructed
90.2%
Natural
7.5%
Valyrian Constructed
89.1%
Natural
9%
Urdu Natural
88.2%
Constructed
9.8%
Dothraki Constructed
82.5%
Natural
15.2%
Javanese Natural
78.2%
Constructed
19.5%
Wenedyk Constructed
77.5%
Natural
19.9%
Tagalog Natural
75.4%
Constructed
22.6%
K─ôlen Constructed
66.8%
Natural
30.9%

Today's Daily Dose

Word Ladder
Lean on Me

Get the Picture
Superhero by Villain

You're not logged in!

Compare scores with friends on all Sporcle quizzes.
OR
Log In

Sporcle TV

Today on Sporcle TV


Watch our educational content, quiz creation guides, and fun videos on Sporcle TV.

Show Comments

Extras

Top Quizzes Today


Score Distribution

Your Account Isn't Verified!

In order to create a playlist on Sporcle, you need to verify the email address you used during registration. Go to your Sporcle Settings to finish the process.

Report this User

Report this user for behavior that violates our Community Guidelines.

Details: